ბათუმის შოთა რუსთაველის სახელმწიფო უნივერსიტეტის ბიბლიოთეკა

Which Policy for Europe? : (ბიბ.ჩანაწერი № 53671)

000 -LEADER
fixed length control field 01056nam a2200265Ia 4500
001 - CONTROL NUMBER
control field 20718
003 - CONTROL NUMBER IDENTIFIER
control field GE_BSU
005 - DATE AND TIME OF LATEST TRANSACTION
control field 20221111162002.0
008 - FIXED-LENGTH DATA ELEMENTS--GENERAL INFORMATION
fixed length control field 181216s2014||||xx |||||||||||||| ||eng||
020 ## - INTERNATIONAL STANDARD BOOK NUMBER
International Standard Book Number 9780199688036x
040 ## - CATALOGING SOURCE
Transcribing agency GE_BSU
041 ## - LANGUAGE CODE
Language code of text/sound track or separate title eng
080 ## - UNIVERSAL DECIMAL CLASSIFICATION NUMBER
Universal Decimal Classification number 327+341 H-31
100 ## - MAIN ENTRY--PERSONAL NAME
Personal name Hartlapp, Miriam
9 (RLIN) 10376
245 ## - TITLE STATEMENT
Title Which Policy for Europe? :
Remainder of title Power and Conflict inside the European Commission /
Statement of responsibility, etc. Miriam Hartlapp, Julia Metz, Christian Rauh.
264 ## - PRODUCTION, PUBLICATION, DISTRIBUTION, MANUFACTURE, AND COPYRIGHT NOTICE
Place of production, publication, distribution, manufacture Oxford :
Name of producer, publisher, distributor, manufacturer Oxford university Press,
Date of production, publication, distribution, manufacture, or copyright notice 2014.
300 ## - PHYSICAL DESCRIPTION
Extent 340 p. ;
Dimensions 24 cm.
653 ## - INDEX TERM--UNCONTROLLED
keyword Какая политика для Европы
653 ## - INDEX TERM--UNCONTROLLED
keyword власть и конфликт внутри Европейской комиссии
653 ## - INDEX TERM--UNCONTROLLED
keyword რომელი პოლიტიკაა ევროპაში?
653 ## - INDEX TERM--UNCONTROLLED
keyword ძალა და კონფლიქტი ევროკომისიაში
700 ## - ADDED ENTRY--PERSONAL NAME
Personal name Metz, Julia
Relator term ავტორი
9 (RLIN) 10377
700 ## - ADDED ENTRY--PERSONAL NAME
Personal name Rauh, Christian
Relator term ავტორი
9 (RLIN) 10378
942 ## - ADDED ENTRY ELEMENTS (KOHA)
Koha item type წიგნი
Source of classification or shelving scheme
ეგზემპლარები
Withdrawn status Lost status Source of classification or shelving scheme Damaged status Not for loan Permanent Location Current Location Shelving location Date acquired Cost, normal purchase price Full call number Barcode Date last seen Copy number Price effective from Koha item type Public note
          ბათუმის შოთა რუსთაველის სახელმწიფო უნივერსიტეტის მთავარი ბიბლიოთეკა ბათუმის შოთა რუსთაველის სახელმწიფო უნივერსიტეტის მთავარი ბიბლიოთეკა წიგნსაცავი 2018-12-17 174.00 327+341 H-31 54029 2018-12-17 54029 2018-12-17 წიგნი 174.00 GEL.
          ბათუმის შოთა რუსთაველის სახელმწიფო უნივერსიტეტის მთავარი ბიბლიოთეკა ბათუმის შოთა რუსთაველის სახელმწიფო უნივერსიტეტის მთავარი ბიბლიოთეკა წიგნსაცავი 2018-12-17 174.00 327+341 H-31 54132 2018-12-17 54132 2018-12-17 წიგნი 174.00 GEL.